Carolina Invernizio : il romanzo d'appendice /
Gardado en:
| Outros autores: | , |
|---|---|
| Formato: | Libro |
| Idioma: | Lingua italiana |
| Publicado: |
Torino :
Gruppo editoriale Forma,
1983
|
| Series: | Collana di letteratura ;
1 |
| Tags: |
Sen Etiquetas, Sexa o primeiro en etiquetar este rexistro!
|
MARC
| LEADER | 00000nam a22000007i 4500 | ||
|---|---|---|---|
| 001 | IT\ICCU\MIL\0055358 | ||
| 003 | ItRI | ||
| 005 | 20260115232408.0 | ||
| 008 | 910620s1983 it |||||| ||||| |||||c | ||
| 040 | |b ita |c importazione bologna sebina | ||
| 041 | 7 | |a ita |2 ISO-639-2 | |
| 082 | |a 853.9 |9 NARRATIVA ITALIANA, 1900- |2 20 | ||
| 130 | 0 | |a Carolina Invernizio |3 IT\ICCU\UPO\0003247 | |
| 245 | 0 | 0 | |a Carolina Invernizio : |b il romanzo d'appendice / |c [a cura di G. Davico Bonino, G. Ioli]. |
| 260 | |a Torino : |b Gruppo editoriale Forma, |c 1983 | ||
| 300 | |a 266 p. : |b ill. ; |c 21 cm | ||
| 500 | |a Atti del convegno "Omaggio a Carolina Invernizio", Cuneo, 25-26 febbraio 1983, con il patrocinio della città di Cuneo e della Regione Piemonte | ||
| 700 | 1 | |a Davico Bonino, Guido |0 IT\ICCU\CFIV\003294 |4 aui | |
| 700 | 1 | |a Ioli, Giovanna, |d (1920 - ) |0 IT\ICCU\CFIV\049855 |4 edt | |
| 830 | 0 | |a Collana di letteratura ; |v 1 |0 IT\ICCU\MIL\0055360 | |
| 942 | |2 ddc |c BK |n 0 | ||
| 952 | |0 0 |1 0 |4 0 |6 DOC_853_709000000000000_DAV |7 0 |9 25355 |a BO |b BO |d 2026-01-15 |i 4901 |l 0 |o DOC 853.709 DAV |p BO4901 |r 2026-01-15 23:24:08 |w 2026-01-15 |x [Sebina 5] [1 v.] |y BK |z 1 v. | ||
| 999 | |c 21532 |d 21532 | ||